|
|
|
|
| LEADER |
00000cam a2200000 7i4500 |
| 001 |
0000011103 |
| 005 |
20151222.0 |
| 008 |
071107 |
| 020 |
|
|
|a 0603560741
|
| 090 |
0 |
0 |
|a JF
|b ENG
|
| 100 |
1 |
|
|a Blyton, Enid
|
| 245 |
1 |
0 |
|a The wishing chair collection
|c Enid Blyton
|
| 260 |
|
|
|a London :
|b Enid Blyton Ltd ,
|c 2002
|
| 500 |
|
|
|a Children ages 10-12 years old (pink)
|
| 650 |
|
0 |
|a Junior fiction
|x English
|x Languages
|
| 999 |
|
|
|a 0000999944
|b Book
|c Children Collection
|e Cawangan Bandar Penawar
|
| 999 |
|
|
|a 0000999945
|b Book
|c Children Collection
|e Cawangan Tmn. Ungku Tun Aminah
|
| 999 |
|
|
|a 0000999946
|b Book
|c Children Collection
|e Cawangan Bandar Tenggara
|